|
|
|
|
| LEADER |
00000nab a2200000 a 4500 |
| 001 |
vtls010180462 |
| 003 |
SK-MaSNL |
| 005 |
20260303214526.0 |
| 008 |
150305c2010 xo br|p|||an |000 b|slo |
| 015 |
|
|
|a SNBRB2010/10
|
| 038 |
|
|
|a SPK
|
| 040 |
|
|
|a SPKCL
|b slo
|c AACR2
|e AACR2
|
| 041 |
0 |
|
|a slo
|b slo
|b eng
|
| 044 |
|
|
|a xo
|c SK
|
| 072 |
|
7 |
|a 37.014
|x Vzdelávacia a výchovná politika
|2 konspekt
|
| 072 |
|
7 |
|a 371
|x Školstvo (organizácia)
|2 konspekt
|
| 080 |
|
|
|a 37.014.2
|2 2001
|
| 080 |
|
|
|a 371.212
|2 2001
|
| 100 |
1 |
|
|a Sihelská, Eva
|4 aut
|9 1249638
|
| 245 |
1 |
0 |
|a Ako poznávať (skúmať) gramotnosť žiakov
|n (2. časť)
|c Eva Sihelská, Boris Sihelský
|
| 300 |
|
|
|b Obr., tab.
|
| 504 |
|
|
|a Bibliogr. odkazy
|
| 546 |
|
|
|a Res. angl., slov.
|
| 650 |
0 |
7 |
|a gramotnosť
|2 snkbucl
|9 19942
|
| 650 |
0 |
7 |
|a žiaci
|2 snkbucl
|9 16621
|
| 700 |
1 |
|
|a Sihelský, Boris
|4 aut
|9 23141
|
| 773 |
0 |
|
|t Pedagogické rozhľady
|g Roč. 19, č. 1 (2010), s. 4-8
|x 1335-0404
|
| 852 |
|
|
|a SPK
|b KIS3GCP
|
| 856 |
4 |
1 |
|u www.rozhlady.pedagog.sk
|
| 958 |
|
|
|a NB
|2 spk
|
| 999 |
|
|
|c 2217437
|d 2219367
|